| 000 | 00351 a2200157 4500 | ||
|---|---|---|---|
| 001 | 56435 | ||
| 020 | _a8576750139 | ||
| 040 | _cAnchieta - Pituba | ||
| 100 | _aAbdel-Qadir, Ghazi | ||
| 240 | 1 | 0 |
_aO presente da vovó Sara _lpor |
| 245 | 1 | 0 | _aO presente da vovó Sara |
| 300 | _a159 | ||
| 362 | 0 | _a2005 | |
| 650 | 4 | _aLiteratura juvenil | |
| 942 | _cBK | ||
| 999 |
_c56435 _d56435 |
||